Henry Moore, 1898-1986

Saved in:
Bibliographic Details
Main Author: Lewison, Jeremy (Author)
Format: Book
Language:Spanish
Published: Colonia Taschen 2007
Subjects:
Tags: Add Tag
No Tags, Be the first to tag this record!

MARC

LEADER 00000nam a2200000 a 4500
001 UCG7173
003 CL-VaPUC
008 110624e20070000GW |||||||||||||||||spa|d
020 |a 9783822853283 
082 0 4 |a 700  |b LEW  |2 21 
100 0 |a Lewison, Jeremy  |e author  |9 557784 
245 1 0 |a Henry Moore, 1898-1986 
300 |a 96 p 
942 |c BK 
945 |d 20110624 00:00:00  |a dcastane 
260 |a Colonia  |b Taschen  |c 2007 
650 0 |a Arte  |9 265238 
650 0 |a Escultura  |9 265737 
650 7 |a ESCULTORES INGLESES  |2 CL-VaPUC  |9 498816 
583 |a last modification  |c 20110624 00:00:00  |k Rodrigo Vera 
999 |c 345237  |d 345235 
952 |0 0  |1 0  |4 0  |6 700_000000000000000_LEW_2007  |7 0  |8 C  |9 443719  |a BIBCUR  |b BIBCUR  |d 2019-11-22  |i 4785665  |o 700 LEW 2007  |p 4785665  |r 2025-04-22  |w 2019-11-22  |y BK  |k CAC